书目信息 |
| 题名: |
艰辛的探索
|
|
| 作者: | 史延胜 , 姜志峰 , 魏广军 编著 | |
| 分册: | ||
| 出版信息: | 北京 海潮出版社 2006.09 |
|
| 页数: | 316页 | |
| 开本: | 24cm | |
| 丛书名: | ||
| 单 册: | ||
| 中图分类: | K264.406 | |
| 科图分类: | ||
| 主题词: | 二万五千里长征--er wan wu qian li chang zheng--史料 | |
| 电子资源: | ||
| ISBN: | 7-80213-231-2 | |
| 000 | 01037nam0 2200265 450 | |
| 001 | 003274820 | |
| 005 | 20080917145031.98 | |
| 010 | @a7-80213-231-2@dCNY33.60 | |
| 100 | @a20061101d2006 em y0chiy0121 ea | |
| 101 | 0 | @achi |
| 102 | @aCN@b110000 | |
| 105 | @ay z 000yd | |
| 200 | 1 | @a艰辛的探索@Ajian xin de tan suo@e中国工农红军长征时的四支先遣部队@f魏广军, 史延胜, 姜志峰编著 |
| 210 | @a北京@c海潮出版社@d2006.09 | |
| 215 | @a316页@d24cm | |
| 300 | @a红色铁流三部曲 | |
| 330 | @a本书集中反映了红军长征时的艰辛探索,特别是红7军团北上、红6军团西征和红25军北上,他们的艰苦转战是红军长征的重要组成部分,以一定形式反映他们的战斗历程。 | |
| 517 | 1 | @a中国工农红军长征时的四支先遣部队@Azhong guo gong nong hong jun chang zheng shi de si zhi xian qian bu dui |
| 606 | 0 | @a二万五千里长征@Aer wan wu qian li chang zheng@j史料 |
| 690 | @aK264.406@v4 | |
| 701 | 0 | @a史延胜@Ashi yan sheng@4编著 |
| 701 | 0 | @a姜志峰@Ajiang zhi feng@4编著 |
| 701 | 0 | @a魏广军@Awei guang jun@4编著 |
| 801 | 0 | @aCN@c20080917 |
| 905 | @dK264.406@eW580 | |
| 艰辛的探索:中国工农红军长征时的四支先遣部队/魏广军, 史延胜, 姜志峰编著.-北京:海潮出版社,2006.09 |
| 316页;24cm |
| 红色铁流三部曲 |
| ISBN 7-80213-231-2:CNY33.60 |
| 本书集中反映了红军长征时的艰辛探索,特别是红7军团北上、红6军团西征和红25军北上,他们的艰苦转战是红军长征的重要组成部分,以一定形式反映他们的战斗历程。 |
| ● |
| 相关链接 |
|
|
|
正题名:艰辛的探索
索取号:K264.406/W580
 
预约/预借
| 序号 | 登录号 | 条形码 | 馆藏地/架位号 | 状态 | 备注 |
| 1 | 676682 | 206766828 | 社科库309/309社科库 36排2列5层/ [索取号:K264.406/W580] | 在馆 | |
| 2 | 676683 | 206766837 | 社科库309/309社科库 36排2列5层/ [索取号:K264.406/W580] | 在馆 | |
| 3 | 676684 | 206766846 | 社科库309/309社科库 36排2列5层/ [索取号:K264.406/W580] | 在馆 |